000 01002nam a2200301Ia 4500
001 298436477
003 OCoLC
005 20150408114138.0
008 090115s2008 maua b 001 0 eng d
020 _a9780071274098
_c(pbk.)
020 _a007127409x
_c(pbk.)
035 _a(OCoLC)298436477
040 _aMa-Un
082 _223
_a621.3815
100 1 _aJaeger, Richard C.
_936711
245 1 0 _aMicroelectronic circuit design /
_cRichard C. Jaeger; Travis N. Blalock.
250 _a3rd ed., international ed.
260 _aBoston [u.a.] :
_bMcGraw-Hill,
_c2008.
300 _axxiv, 1190 p. :
_bill.
490 1 _aElectronics and VLSI circuits.
504 _aIncludes bibliographical references and index.
650 0 _aElectronic circuit design.
_936712
650 0 _aIntegrated circuits
_xDesign and construction.
_911830
650 0 _aSemiconductors
_xDesign and construction.
_911829
650 0 _aMicroelectronics.
_936713
700 1 _aBlalock, Travis N.
_936714
942 _2ddc
_cBOOK
999 _c30491
_d264991